<?xml version="1.0" encoding="UTF-8"?>
<collection xmlns="http://www.loc.gov/MARC21/slim">
 <record>
  <leader>02850nam a2200349   4500</leader>
  <controlfield tag="001">DLU150172065</controlfield>
  <controlfield tag="005">##20151008</controlfield>
  <datafield tag="040" ind1="#" ind2="#">
   <subfield code="a">DLU</subfield>
   <subfield code="b">vie</subfield>
  </datafield>
  <datafield tag="041" ind1="#" ind2="#">
   <subfield code="a">vie</subfield>
  </datafield>
  <datafield tag="044" ind1="#" ind2="#">
   <subfield code="a">vn</subfield>
  </datafield>
  <datafield tag="082" ind1="#" ind2="#">
   <subfield code="a">807</subfield>
   <subfield code="b">MA-P</subfield>
  </datafield>
  <datafield tag="100" ind1="#" ind2="#">
   <subfield code="a">Mai Thị Kiều Phượng,</subfield>
   <subfield code="c">TS.</subfield>
  </datafield>
  <datafield tag="245" ind1="#" ind2="#">
   <subfield code="a">Giáo trình làm văn bằng phương pháp kết cấu và phương pháp diễn đạt :</subfield>
   <subfield code="b">Dùng cho giáo viên và sinh viên hệ CĐSP &amp; ĐHSP /</subfield>
   <subfield code="c">Mai Thị Kiều Phượng.</subfield>
  </datafield>
  <datafield tag="260" ind1="#" ind2="#">
   <subfield code="a">H. :</subfield>
   <subfield code="b">Đại học Quốc gia,</subfield>
   <subfield code="c">2009.</subfield>
  </datafield>
  <datafield tag="300" ind1="#" ind2="#">
   <subfield code="a">519 tr. ;</subfield>
   <subfield code="c">21 cm.</subfield>
  </datafield>
  <datafield tag="504" ind1="#" ind2="#">
   <subfield code="a">Tài liệu tham khảo: tr.511.</subfield>
  </datafield>
  <datafield tag="505" ind1="#" ind2="#">
   <subfield code="a">Phần ba. Nhóm phương pháp kết cầu và phương pháp diễn đạt để tạo lập văn bản làm văn -- Chương I. Xây dựng kết cấu văn bản thuộc phương pháp kết cầu làm văn -- Chương II. Các bước định hướng và tìm hiểu đề trong phương pháp kết cấu nên văn bản làm văn -- Chương III. Các bước tìm ý trong phương pháp kết cấu nên văn bản làm văn -- Chương IV. Các bước lập dàn bài trong phương pháp kết cấu nên văn bản làm văn.</subfield>
  </datafield>
  <datafield tag="505" ind1="#" ind2="#">
   <subfield code="a">Phần hai. Các nhóm phưong pháp làm văn đặc thù -- Chương I. Các nhóm làm văn đặc thù bằng phương pháp -- Chương II. Nhóm phương pháp làm văn đặc thù mang tính mẹo luật - kinh nghiệm.</subfield>
  </datafield>
  <datafield tag="505" ind1="#" ind2="#">
   <subfield code="a">Phần một. Các nguyên tắc - yêu cầu về chuẩn ngôn ngữ trong tạo lập văn bản làm văn -- Chương I. Các nguyên tắc trong tạo lập văn bản làm văn -- Chương II. Yêu cầu về bản chất vấn đề lựa chọn ngôn ngữ chuẩn trong văn bản làm văn -- Chương III. Yêu cầu sự lựa chọn ngôn ngữ chuẩn ở các cấp độ ngôn ngữ trong văn bản làm văn.</subfield>
  </datafield>
  <datafield tag="505" ind1="#" ind2="#">
   <subfield code="a">Tiểu phần 2. Phương pháp diễn đạt để tạo lập văn bản làm văn -- Chương I. Xây dựng lập luận - một phương pháp diễn đạt quan trọng trong tạo lập văn bản làm văn -- Chương II. Xây dựng đoạn văn - một phương pháp diễn đạt quan trọng trong tạo lập văn bản làm văn -- Chương III. Xây dựng các câu trong đoạn văn một phương pháp diễn đạt quan trọng trong tạo lập văn bản làm văn -- Chương IV. Phương pháp diễn đạt từ ngữ trong  tạo lập văn bản làm văn -- Chương V. Chính tả và dấu câu trong phương pháp diễn đạt để tạo lập nên văn bản làm văn.</subfield>
  </datafield>
  <datafield tag="650" ind1="#" ind2="#">
   <subfield code="a">Ngữ văn</subfield>
   <subfield code="x">Dạy và học</subfield>
   <subfield code="x">Giáo trình.</subfield>
  </datafield>
  <datafield tag="923" ind1="#" ind2="#">
   <subfield code="a">02/2015</subfield>
  </datafield>
  <datafield tag="991" ind1="#" ind2="#">
   <subfield code="a">SH</subfield>
  </datafield>
  <datafield tag="992" ind1="#" ind2="#">
   <subfield code="a">70000</subfield>
  </datafield>
  <datafield tag="994" ind1="#" ind2="#">
   <subfield code="a">DLU</subfield>
  </datafield>
  <datafield tag="900" ind1="#" ind2="#">
   <subfield code="a">True</subfield>
  </datafield>
  <datafield tag="911" ind1="#" ind2="#">
   <subfield code="a">Đào Thị Thu Huyền</subfield>
  </datafield>
  <datafield tag="925" ind1="#" ind2="#">
   <subfield code="a">G</subfield>
  </datafield>
  <datafield tag="926" ind1="#" ind2="#">
   <subfield code="a">A</subfield>
  </datafield>
  <datafield tag="927" ind1="#" ind2="#">
   <subfield code="a">SH</subfield>
  </datafield>
  <datafield tag="980" ind1="#" ind2="#">
   <subfield code="a">Thư viện Trường Đại học Đà Lạt</subfield>
  </datafield>
 </record>
</collection>
